banner koha

Evolucao recente e situacao atual da agricultura brasileira. Sintese das transformacoes (Registro n. 269274)

MARC details
000 -LÍDER
campo de controle de tamanho fixo 01325nac a22003737a 4500
001 - NÚMERO DE CONTROLE
campo de controle BR7902417
003 - IDENTIFICADOR DO NÚMERO DE CONTROLE
campo de controle BR-BrBNA
005 - DATA E HORÁRIO DA ÚLTIMA TRANSAÇÃO
campo de controle 20240105114425.0
008 - CAMPO DE DADOS FIXOS--INFORMAÇÃO GERAL
campo de controle de tamanho fixo 230509b bl.|||m| |||| 00| 0 por d
040 ## - FONTE DA CATALOGAÇÃO
Instituição da catalogação original BR-BrBNA
Idioma da catalogação por
Instituição que transcreveu o registro Biblioteca Nacional de Agricultura
072 ## - CÓDIGO DE CATEGORIA DE ASSUNTO
Código de Categoria de Assunto E10; E70; E30
090 ## - NÚMERO DE CHAMADA LOCAL
Número de chamada E10 BR7902417
100 1# - ENTRADA PRINCIPAL--NOME PESSOAL
Nome pessoal Castro, A.C.
100 1# - ENTRADA PRINCIPAL--NOME PESSOAL
Nome pessoal Nogueira, A.C.
100 1# - ENTRADA PRINCIPAL--NOME PESSOAL
Nome pessoal Silva, F.C.T. da
100 1# - ENTRADA PRINCIPAL--NOME PESSOAL
Nome pessoal Bicudo, J.P.W.
100 1# - ENTRADA PRINCIPAL--NOME PESSOAL
Nome pessoal Moura, M.M.
100 1# - ENTRADA PRINCIPAL--NOME PESSOAL
Nome pessoal Linhares, M.Y.L.
100 1# - ENTRADA PRINCIPAL--NOME PESSOAL
Nome pessoal Delgado, N.G.
100 1# - ENTRADA PRINCIPAL--NOME PESSOAL
Nome pessoal Beskow, P.R.
110 1# - ENTRADA PRINCIPAL--NOME CORPORATIVO
Nome corporativo ou nome da jurisdição Secretaria Nacional de Planejamento Agricola, Brasilia, DF (Brasil)
9 (RLIN) 9209
245 1# - TÍTULO
Título Evolucao recente e situacao atual da agricultura brasileira. Sintese das transformacoes
246 1# - FORMA VARIANTE DO TÍTULO
Título/título abreviado [Recent evolution and present situation of the Brazilian agriculture. Transformation synthesis]
260 3# - PUBLICAÇÃO, DISTRIBUIÇÃO, ETC.
Local de publicação, distribuição, etc. Brasilia, DF (Brasil):
Nome do editor, distribuidor, etc. Biblioteca Nacional de Agricultura,
Data da publicação, distribuição, etc. 1979.
300 ## - DESCRIÇÃO FÍSICA
Extensão 269 p.
490 ## - TÍTULO DA SÉRIE
Título da série Estudos sobre o Desenvolvimento Agricola - Secretaria Nacional de Planejamento Agricola (Brazil)
Número do volume ou designação sequencial da série no. 7
ISSN - International Standard Serial Number
650 ## - ASSUNTO--TERMO TÓPICO
Cabeçalho tópico ou nome geográfico Macroeconomia
650 ## - ASSUNTO--TERMO TÓPICO
Cabeçalho tópico ou nome geográfico Comercializacao
650 ## - ASSUNTO--TERMO TÓPICO
Cabeçalho tópico ou nome geográfico Desenvolvimento agricola
650 ## - ASSUNTO--TERMO TÓPICO
Cabeçalho tópico ou nome geográfico Abastecimento
650 ## - ASSUNTO--TERMO TÓPICO
Cabeçalho tópico ou nome geográfico Mercado
909 ## -
-- 202312
-- Lúcia Elande
-- 55
-- Lúcia Elande
942 ## - ELEMENTOS DE ENTRADA ADICIONADOS (KOHA)
Fonte da classificação ou esquema de arquivamento na estante Classificação AGRIS
Ocultar no OPAC Não
Tipo de material Koha Monografia Seriada
Exemplares
Situação do descarte Fonte da classificação ou esquema de arquivamento na estante Situação física Não pode ser emprestado Coleção Biblioteca de origem Biblioteca atual Localização na estante Total de empréstimos Número de telefone completo Código de barras Data de último acesso Tipo de material Koha Fonte de aquisição
  Classificação AGRIS       Biblioteca Nacional de Agricultura - Binagri Biblioteca Nacional de Agricultura - Binagri Agrobase - Acervo Geral   E10 BR7902417 E10 BR7902417 18/12/2023 Monografia Seriada Portaria Interministerial nº 164/94

BINAGRI

Telefone: (61)3218-2567/2388/3357/2097 - binagri@agro.gov.br

Ministério da Agricultura e Pecuária , Esplanada dos Ministérios, Bloco D, Anexo B, Brasília/DF, CEP: 70.043-900